Préfectures de France : Alençon - Statistiques

Statistiques générales
  • Ce quiz a été pris 35 fois
    31 depuis la dernière actualisation
  • Le résultat moyen est 11 sur 26
Statistiques - réponses
Question Réponse % Correct
Quel numéro porte celui-ci ? 61
100%
Comment se nomment ses habitants ? Alençonnais
97%
De quel département est-ce la préfecture ? Orne
97%
La ville appartient à l'académie de/d' Normandie
86%
A quelle région administrative appartient la ville depuis 2015 ? Normandie
86%
Quelles sont les sous-préfectures qui en dépendent ? Argentan
69%
Depuis le XVe siècle, la ville est réputée pour la fabrication de dentelle
59%
Sainte née dans la ville en 1873 Thérèse de Lisieux | Thérèse
59%
Cet entreprise de petit électroménager a fait les beaux jours de la ville de 1937 à 2002 Moulinex
52%
La couleur principal du blason est le/la/l' bleu
45%
La course à pied qui s'y déroule en septembre est appelée Les {galopades} du patrimoine
38%
Quelles sont les sous-préfectures qui en dépendent ? Mortagne-au-Perche | Mortagne
38%
Les communes limitrophes dont le nom contient un C sont Cerisé
34%
Cet auteur-compositeur-interprète natif d'Alençon est mort en 1986 (prénom et nom) Daniel Balavoine
34%
Les communes limitrophes dont le nom contient un C sont Condé-sur-Sarthe
31%
Les communes limitrophes dont le nom contient un C sont Saint-Germain-du-Corbéis
28%
La ville est née dans un méandre de la / du Sarthe
28%
Les communes limitrophes dont le nom contient un C sont Arçonnay
21%
L'hebdomadaire local est L'Orne Hebdo
21%
La ville est desservie par l'autoroute A 16
14%
La ville a une spécialité de cette charcuterie Andouillette
14%
La ville appartient au diocèse de/d' Séez
14%
Quel est le nom de la commune à l'époque mérovingienne ? Alencione
0%
Les journaux disposant d'une édition locale sont Le Parisien
0%
Au Moyen-âge Alençon se nomme Montsort
0%
Les communes limitrophes dont le nom contient un C sont Saint-Paterne - Le Chevain
0%
Aucun quiz correspondant
Distribution des résultats
% des personnes avec chaque résultat
Percentile par nombre de réponses
Votre historique - résultats
Vous n’avez pas pris ce quiz depuis la dernière actualisation